Chats on Old English Drawings. With 45 illustrations

Saved in:
Bibliografiske detaljer
Hovedforfatter: Davies, Randall (Author)
Format: Bog
Sprog:engelsk
Udgivet: Londres T. Fisher Unwin Ltd 1923
Udgivelse:1a. ed
Fag:
Tags: Tilføj Tag
Ingen Tags, Vær først til at tagge denne postø!

MARC

LEADER 00000nam a2200000 a 4500
001 UCJ6923
003 CL-VaPUC
008 070124e19230000UK |||||||||||||||||eng|d
082 0 4 |a 759  |b DAV  |2 21 
100 0 |a Davies, Randall  |e author  |9 514565 
245 1 0 |a Chats on Old English Drawings. With 45 illustrations 
250 |a 1a. ed 
300 |a 220 p 
942 |c BK 
945 |d 20070124 00:00:00  |a rinostro 
260 |a Londres  |b T. Fisher Unwin Ltd  |c 1923 
500 |a Front.: Dibujo de Thomas Rowlandson, a color 
650 7 |a DIBUJO ARTISTICO  |2 CL-VaPUC  |9 357593 
650 0 |a Pintura  |9 265046 
650 0 |a Retratos  |9 313437 
650 0 |a Paisajes  |9 344660 
650 7 |a PINTORES INGLESES  |2 CL-VaPUC  |9 342329 
650 0 |a Ilustraciones  |9 369481 
651 0 |a Inglaterra  |9 255158 
583 |a last modification  |c 20070124 00:00:00  |k Rodrigo Vera 
999 |c 323025  |d 323023 
952 |0 0  |1 0  |4 0  |6 759_000000000000000_DAV_1923  |7 0  |8 X  |9 402256  |a FDOBUD  |b FDOBUD  |d 2019-11-22  |i 1055143  |o 759 DAV 1923  |p 1055143  |r 2019-11-22  |w 2019-11-22  |y BK_X  |k BUD